000 01374cam a2200205 4500
001 ##L131740
008 110922n2005 000 0 eng u
035 _a(Sirsi) u131740
041 0 _aeng
050 0 4 _a306.1 $2 18
100 1 _aBest, Richard
245 0 0 _aInquiry into British Housing 1984-1991 - Chaired by HRH The Duke of Edinburgh
_bwhat has happened since?
260 _aLondon
_bJoseph Rowntree Foundation
_c2005
520 _aProvides an update on the progress made towards implementing the recommendations of the inquiry into British housing mounted in 1984. The inquiry's brief was to consider the inadequacies in the availability and condition of housing in Britain and to make recommendations to remedy the deficiencies identified. Reviews steps taken and what needs to be done further in respect of: the phased withdrawal of mortgage interest tax relief; the conversion of housing subsidies into a needs-related housing allowances; the introduction of a nationwide rent-setting system, and the provision of sufficient affordable homes for those unable to buy.
590 _aIKA061205
650 _aAffordable housing
_96215
690 _aPROPERTY-RESIDENTIAL PROPERTY-RESIDENTIAL PROPERTY MARKET
856 4 0 _uhttps://www.jrf.org.uk/sites/files/jrf/inquiry-british-housing.pdf
_zView the inquiry update free of charge at www.jrf.org.uk
942 _n0
999 _c104819
_d104819